| 000 | 00745nam a2200217 4500 | ||
|---|---|---|---|
| 005 | 20090922134045.0 | ||
| 008 | 700624s1969 ii b 000 0 eng | ||
| 010 | _aB-358123 | ||
| 020 | _c200.00 | ||
| 035 | _aB-358123 | ||
| 037 | _bDBAD / PUB | ||
| 040 |
_adpl _bEnglish |
||
| 082 | _aN | ||
| 100 | _aRahi, Onkar | ||
| 245 |
_aA frowsy venus: _cby Onkar Rahi _b(la belle amie) / |
||
| 260 |
_aDelhi _bSurinder Kumar & Sons _c2006 |
||
| 270 |
_a30/21A-22A, Gali No. 9, Vishwas Nagar, Shahdara _bDelhi _e110032 |
||
| 300 |
_a192p. _c22cm(Hb) |
||
| 942 |
_2ddc _cCH _hN _mRAH |
||
| 999 |
_c30554 _d30554 |
||